| 000 | 00974nam a2200265 a 4500 | ||
|---|---|---|---|
| 001 | 000039274 | ||
| 005 | 20240409073644.0 | ||
| 008 | 110331s2005 dr ac 001 0 spa d | ||
| 040 |
_aDO-SdBNP _bspa _cBNPHU |
||
| 082 |
_a972.93054 _bC737d, 2005 |
||
| 245 | 0 | 0 |
_aComplot develado / _cprólogo : Rafael Valera Benítez. |
| 250 | _a2a. ed. | ||
| 260 |
_aSanto Domingo : _bFundación Testimonio, _c2005. |
||
| 300 |
_a364 p. : _bil., retrs. ; _c25 cm. |
||
| 490 | 1 |
_aFundación Testimonio _v1 |
|
| 500 | _aIncluye índice | ||
| 500 | _aLa biblioteca posee el v. 1 | ||
| 590 | _aInventariado, 2018/MFF | ||
| 610 | 2 | 4 |
_aMOVIMIENTO REVOLUCIONARIO 14 DE JUNIO (REPÚBLICA DOMINICANA) _91373 |
| 650 | 4 |
_aMovimiento popular dominicano _954399 |
|
| 651 | 4 |
_aRepública Dominicana _xPolítica Y Gobierno _xHistoria _y1930-1961 _944930 |
|
| 700 | 1 | 2 |
_aValera Benítez, Rafael _epról. _924318 |
| 830 | 0 |
_aFundación Testimonio _n1 _965469 |
|
| 910 | _aValidado. Control de calidad MFF | ||
| 999 |
_c38764 _d38764 |
||